[Event "World School-ch U13"]
[Site "Sochi"]
[Date "2016.12.09"]
[Round "7"]
[White "Radochin, Oleg"]
[Black "Yeritsyan, Aram"]
[Result "0-1"]
[WhiteElo "1832"]
[BlackElo "2143"]
[PlyCount "62"]
[EventDate "2016.12.03"]
[EventType "swiss"]
[EventRounds "9"]
[EventCountry "RUS"]
[SourceTitle "EXT 2018"]
[Source "ChessBase"]
[SourceDate "2017.10.13"]
[SourceVersion "1"]
[SourceVersionDate "2017.10.13"]
[SourceQuality "1"]

1. e4 c5 2. Nf3 d6 3. d4 cxd4 4. Nxd4 Nf6 5. Nc3 a6 6. Be2 e6 7. Be3 Nbd7 8. 0-0 b5 9. a3 Bb7 10. Bd3 Ne5 11. f3 Rc8 12. Qe2 Be7 13. Rad1 Qc7 14. Kh1 0-0 15. Rfe1 Rfd8 16. Qf2 Nc4 17. Bxc4 Qxc4 18. Nb3 Nd7 19. Na5 Qc7 20. Nxb7 Qxb7 21. Bd4 Rc4 22. Rd2 Rdc8 23. Red1 Qc6 24. Qg3 g6 25. Qf2 a5 26. Qe2 Nb8 27. Nxb5 Qxb5 28. b3 R4c5 29. Bxc5 Qxc5 30. a4 Nc6 31. Qb5 Nb4 0-1